<?xml version="1.0" encoding="UTF-8"?><marc:collection xmlns:marc="http://www.loc.gov/MARC21/slim">
  <marc:record>
    <marc:leader>00000nam##2200000za#4500</marc:leader>
    <marc:controlfield tag="001">9.637695</marc:controlfield>
    <marc:controlfield tag="003">CaOODSP</marc:controlfield>
    <marc:controlfield tag="005">20250611103548</marc:controlfield>
    <marc:controlfield tag="007">cr |||||||||||</marc:controlfield>
    <marc:controlfield tag="008">150407|2000||||xxc|||||o    f|0| 0 fre|d</marc:controlfield>
    <marc:datafield tag="040" ind1=" " ind2=" ">
      <marc:subfield code="a">CaOODSP</marc:subfield>
      <marc:subfield code="b">fre</marc:subfield>
    </marc:datafield>
    <marc:datafield tag="043" ind1=" " ind2=" ">
      <marc:subfield code="a">n-cn---</marc:subfield>
    </marc:datafield>
    <marc:datafield tag="086" ind1="1" ind2=" ">
      <marc:subfield code="a">A22-203/2000F-PDF</marc:subfield>
    </marc:datafield>
    <marc:datafield tag="110" ind1="1" ind2=" ">
      <marc:subfield code="a">Canada. </marc:subfield>
      <marc:subfield code="b">Agriculture et agroalimentaire Canada.</marc:subfield>
    </marc:datafield>
    <marc:datafield tag="245" ind1="1" ind2="0">
      <marc:subfield code="a">Pertinence et incidence possible des mécanismes du Protocole de Kyoto sur le secteur canadien de l'agriculture et de l'agroalimentaire </marc:subfield>
      <marc:subfield code="h">[ressource électronique]</marc:subfield>
    </marc:datafield>
    <marc:datafield tag="260" ind1=" " ind2=" ">
      <marc:subfield code="a">Ottawa - Ontario : </marc:subfield>
      <marc:subfield code="b">Agriculture et Agroalimentaire Canada </marc:subfield>
      <marc:subfield code="c">2000.</marc:subfield>
    </marc:datafield>
    <marc:datafield tag="300" ind1=" " ind2=" ">
      <marc:subfield code="a">72p.</marc:subfield>
      <marc:subfield code="b">tableaux</marc:subfield>
    </marc:datafield>
    <marc:datafield tag="500" ind1=" " ind2=" ">
      <marc:subfield code="a">«Cette étude a été commander par Agriculture et Agroalimentaire Canada pour évaluer qualitativement la pertinence et l'impact éventuel d'un système international d'échange de droits d'émission, du mécanisme de développement propre (MDP) et de la mise en oeuvre cojointe (MOC) dans l'éventualité probable où le secteur canadien de l'agriculture et de l'agroalimentaire devrait réduire ses émissions de gaz à effet de serre (GES).»--Avant-propos. Sommaire: Les mécanismes du Protocole de Kyoto.--Capacité des sources d'émissions dans le secteur de l'agriculture et de l'agroalimentaire d'utiliser les mécanismes du Protocole de Kyoto.--Incidence possible des mécanismes du Protocole de Kyoto sur le secteur de l'agriculture et de l'agroalimentaire.--Émissions de gaz à effet de serre par le secteur de l'agriculture et de l'agroalimentaire.</marc:subfield>
    </marc:datafield>
    <marc:datafield tag="500" ind1=" " ind2=" ">
      <marc:subfield code="a">Le n° de catalogue (A22-203/2000F) et l'ISBN (0-662-84503-X) copiés dans cette publication électronique sont incorrects.</marc:subfield>
    </marc:datafield>
    <marc:datafield tag="504" ind1=" " ind2=" ">
      <marc:subfield code="a">Bibliographie.</marc:subfield>
    </marc:datafield>
    <marc:datafield tag="520" ind1="3" ind2=" ">
      <marc:subfield code="a">Cette étude a été commander par Agriculture et Agroalimentaire Canada pour évaluer qualitativement la pertinence et l'impact éventuel d'un système international d'échange de droits d'émission, du mécanisme de développement propre (MDP) et de la mise en oeuvre cojointe (MOC) dans l'éventualité probable où le secteur canadien de l'agriculture et de l'agroalimentaire devrait réduire ses émissions de gaz à effet de serre (GES).--Avant-propos</marc:subfield>
    </marc:datafield>
    <marc:datafield tag="590" ind1=" " ind2=" ">
      <marc:subfield code="a">10-05-Supp</marc:subfield>
      <marc:subfield code="b">2010-07-20</marc:subfield>
    </marc:datafield>
    <marc:datafield tag="691" ind1="0" ind2="7">
      <marc:subfield code="a">Industrie agro-alimentaire</marc:subfield>
      <marc:subfield code="2">gcpds</marc:subfield>
    </marc:datafield>
    <marc:datafield tag="691" ind1="0" ind2="7">
      <marc:subfield code="a">Lutte contre la pollution</marc:subfield>
      <marc:subfield code="2">gcpds</marc:subfield>
    </marc:datafield>
    <marc:datafield tag="691" ind1="0" ind2="7">
      <marc:subfield code="a">Pollution atmosphérique</marc:subfield>
      <marc:subfield code="2">gcpds</marc:subfield>
    </marc:datafield>
    <marc:datafield tag="775" ind1="0" ind2="8">
      <marc:subfield code="t">The relevance and potential impact of Kyoto Protocol Mechanisms for the Canadian agriculture and agri-food sector </marc:subfield>
      <marc:subfield code="w">(CaOODSP)9.693517</marc:subfield>
    </marc:datafield>
    <marc:datafield tag="776" ind1="0" ind2="#">
      <marc:subfield code="t">Pertinence et incidence possible des mécanismes du Protocole de Kyoto sur le secteur canadien de l'agriculture et de l'agroalimentaire </marc:subfield>
      <marc:subfield code="w">(CaOODSP)9.681068</marc:subfield>
    </marc:datafield>
    <marc:datafield tag="856" ind1="4" ind2="0">
      <marc:subfield code="a">http://publications.gc.ca</marc:subfield>
      <marc:subfield code="q">PDF</marc:subfield>
      <marc:subfield code="s">468 Ko</marc:subfield>
      <marc:subfield code="u">https://publications.gc.ca/collections/Collection/A22-203-2000F.pdf</marc:subfield>
    </marc:datafield>
  </marc:record>
</marc:collection>
